000 01012nam a22003137a 4500
003 CHAP
005 20220329134743.0
008 971013s1965 r 00010 d
010 _a25311
011 _a26283
035 _a30383
040 _cCHAP
082 _a338.9
_bI58
110 _aInstituto Latinoamericano de Planificación Económica y Social
_959245
245 _aInforme del director general del Instituto al Consejo Directivo
260 _aSantiago :
_bInstituto Latinoamericano de Planificación Económica y Social,
_c1965
300 _a73 p
490 _aINST/41 Rev. 1
500 _aMimeógrafo
590 _aBATCH-UPD
_b10
_c20130110
_lUCH01
_h1259
590 _aBATCH-UPD
_b10
_c20130410
_lUCH01
_h0818
590 _aBATCH-UPD
_b10
_c20130914
_lUCH01
_h1916
590 _aCONVERSION
_b10
_c20130109
_lUCH01
_h1315
650 1 4 _aPlanificación.
_988736
830 0 _aINST/41 Rev. 1
_958969
901 _aBK
942 _cLIBRO
949 _a338.9 I58
_bBC
_cBPA
_d-70524
_eBPA
_h6442
_i30383
_mD
_si
999 _c25311
_d25311